00805nam a2200241 4500003001100000005001700011008004100028020001500069040003900084041000800123082001600131245003700147260002500184300004800209650003300257650004700290650004500337650003900382700002900421942000700450952009100457999001500548LK-CoMWRAF20231113145248.0231028b1986 |||||||| |||| 00| 0 eng d a2866560280 aLK-CoMWRAFdLK-CoMWRAFeLK-CoMWRAF aeng a750.74bPAI aPaintings in the Musée d'Orsay aParisbSPADEM,c1986 a160 p. : col. ill. ; 30 cm.bIndex included a Musée d'Orsay--Catalogs.  aPainting, French--19th century--Catalogs.  aPainting, French--20th century--Catalogs aPainting--France--Paris--Catalogs. aRoberts, Anthonyetrans. cBK 00104070aMAINbMAINd2023-10-28l0o750.74 PAIpRAF1881r2023-10-28w2023-10-28yBK c4030d4030